Statistics for All Valorant Maps (by Picture)

Click here to take the quiz!

General Stats

  • This quiz has been taken 1,904 times
    (1,560 since last reset)
  • The average score is 9 of 9

Answer Stats

Answer% Correct
Icebox
97%
Bind
95%
Fracture
95%
Haven
95%
Lotus
95%
Split
95%
Ascent
94%
Breeze
94%
Pearl
93%

Score Distribution

Percentile by Number Answered

Percent of People with Each Score

Your Score History

You have not taken this quiz since the last reset